00803nam a22001817a 4500020001800000082001500018100003300033245005900066260004600125300001500171504009400186563000700280650002000287650002000307880015200327880006300479880007900542 a9789694743066 a294.5bGHA aGhalib, Mirza Asadullah Khan aGhalib aur Ghamgeen ke Farsi maktubat /cParto Rohaila aIslamabad:bMuqtadira Qaumi Zaban,c2012. a157 pages. aاردو ترجمے کے ساتھ فارسی متن اور توضیحات شامل ہیں aHB aUrdu literature aPersian letters 6100-01\(3\raغالب اور غمگین کے فارسی مکتوباتbاردو ترجمے، فارسی متن اور توضیحات کے ساتھ 6100-02\(3\raمترجم و مرتب: پرتو روہیلا 6100-03\(3\raاسلام آبادbمقتدرہ قومی زبانc2012۔